| 000 -CABECERA |
| fixed length control field |
01530nam a22003257a 4500 |
| 003 - IDENTIFICADOR DEL NÚMERO DE CONTROL |
| control field |
AR-CdUCM |
| 008 - DATOS DE LONGITUD FIJA--INFORMACIÓN GENERAL |
| fixed length control field |
190425b ||||| |||| 00| 0 spa d |
| 040 ## - FUENTE DE LA CATALOGACIÓN |
| Agencia/entidad que catalogó originalmente la obra |
MUNICIPALIDAD PROVINCIAL DEL CUSCO |
| Entidad que transcribió la catalogación |
BIBLIOTECA MUNICIPAL DEL CUSCO |
| 082 ## - NÚMERO DE LA CLASIFICACIÓN DECIMAL DEWEY |
| No. de Clasificación |
Rev.FD/N°9/1999 |
| 110 ## - ENTRADA PRINCIPAL--NOMBRE DE ENTIDAD CORPORATIVA |
| Nombre de la institución, jurisdicción como entrada principal |
Universidad Nacional De San Antonio Abad del Cuzco |
| 9 (RLIN) |
14483 |
| 245 ## - MENCIÓN DE TÍTULO |
| Título |
Revista de la Facultad de Derecho y Ciencias Políticas / |
| Mención de responsabilidad |
Universidad Nacional de San Antonio Abad del Cuzco |
| 260 ## - PUBLICACIÓN, DISTRIBUCIÓN, ETC. |
| Lugar de publicación, distribución, etc. |
Cusco : |
| Nombre de la editorial, distribuidor, etc. |
UNSAAC, |
| Fecha de publicación, distribución, etc. |
1999. |
| 300 ## - DESCRIPCIÓN FÍSICA |
| Nº de Páginas Extensión |
250 páginas. : |
| Dimensiones |
21 cm. |
| 440 ## - MENCIÓN DE SERIE/PUNTO DE ACCESO ADICIONAL--TÍTULO |
| Título |
Revista de la Facultad de Derecho y Ciencias Políticas. |
| Número de la parte/sección de una obra |
N°9, 1999. |
| 9 (RLIN) |
46780 |
| 505 ## - NOTA DE CONTENIDO CON FORMATO |
| Nota de contenido formateada |
Contenido: La reelección presidencial en América Latina. -- Legitimidad y poder judicial. -- Juzgamiento de los delitos comunes por los jueces militares. -- Trinidad Enríquez la primera jurista del Cusco. -- La declaración mundial sobre la educación en el siglo XXI. |
| 650 ## - PUNTO DE ACCESO ADICIONAL DE MATERIA--TÉRMINO DE MATERIA |
| Descriptor |
Derecho del Perú |
| 9 (RLIN) |
46685 |
| 650 ## - PUNTO DE ACCESO ADICIONAL DE MATERIA--TÉRMINO DE MATERIA |
| Descriptor |
Conciliación judicial |
| 9 (RLIN) |
10957 |
| 650 ## - PUNTO DE ACCESO ADICIONAL DE MATERIA--TÉRMINO DE MATERIA |
| Descriptor |
Facultad de Derecho del Cuzco |
| 9 (RLIN) |
46697 |
| 650 ## - PUNTO DE ACCESO ADICIONAL DE MATERIA--TÉRMINO DE MATERIA |
| Descriptor |
Tridimensionalismo jurídico |
| 9 (RLIN) |
46781 |
| 650 ## - PUNTO DE ACCESO ADICIONAL DE MATERIA--TÉRMINO DE MATERIA |
| Descriptor |
María Trinidad Enríquez |
| 9 (RLIN) |
46109 |
| 650 ## - PUNTO DE ACCESO ADICIONAL DE MATERIA--TÉRMINO DE MATERIA |
| Descriptor |
Poder Judicial |
| 9 (RLIN) |
46782 |
| 700 ## - PUNTO DE ACCESO ADICIONAL--NOMBRE DE PERSONA |
| Nombre Personal |
Béjar Quispe, José |
| 9 (RLIN) |
6070 |
| 700 ## - PUNTO DE ACCESO ADICIONAL--NOMBRE DE PERSONA |
| Nombre Personal |
Valcárcel Gamarra, Pedro |
| 9 (RLIN) |
46716 |
| 700 ## - PUNTO DE ACCESO ADICIONAL--NOMBRE DE PERSONA |
| Nombre Personal |
Boluarte Medina, Víctor |
| 9 (RLIN) |
46783 |
| 700 ## - PUNTO DE ACCESO ADICIONAL--NOMBRE DE PERSONA |
| Nombre Personal |
Díaz Bedregal, Florencio |
| 9 (RLIN) |
43536 |
| 700 ## - PUNTO DE ACCESO ADICIONAL--NOMBRE DE PERSONA |
| Nombre Personal |
Zegarra Dongo, Manuel |
| 9 (RLIN) |
46784 |
| 942 ## - ELEMENTOS DE PUNTO DE ACCESO ADICIONAL (KOHA) |
| Fuente de clasificación |
|
| Tipo de item |
Revistas cusqueñas |
| 945 ## - PROCESAMIENTO DE INFORMACIÓN LOCAL (OCLC) |
| Catalogador |
rac |